000 00227nam a2200097Ia 4500
008 230915s9999 xx 000 0 und d
050 _aT11.M37.C.1
100 _aMIKE MARKEL
245 0 _aTECHNICAL COMMUNICATION
942 _cBK
999 _c206192
_d206192